000 00523nam a2200181 a 4500
003 OSt
005 20140311163028.0
008 090806s19uu xx 00 eng d
020 _a9780470032725
050 _aHF 5415.13
_b.Sc276 2006
245 _aScenarios in marketing :
_bfrom vision to decision.
260 _aEngland :
_bJohn Wiley & Sons,
_c2006.
300 _a227 p. :
_bill. ;
_c24 cm.
650 _aMarketing
_xManagement.
_930718
650 _aStrategic planning.
_9606
942 _cBK
_2lcc
_kFOR
999 _c39588
_d39588